| 000 | 00464 a2200169 4500 | ||
|---|---|---|---|
| 003 | Nust | ||
| 005 | 20230202131359.0 | ||
| 040 | _cNust | ||
| 082 | _a923.5,TER | ||
| 100 |
_aJohn Terraine _9108496 |
||
| 245 |
_aDouglas Haig: The educated soldier / _cJohn Terraine |
||
| 260 |
_aLondon _bHutchinson _c1963 |
||
| 300 | _a508 | ||
| 505 | _aPart.1. (Page-13), Part.2. (Page-59), Part.3. (Page-173). | ||
| 650 |
_aDouglas Haig _9108497 |
||
| 942 |
_2ddc _cBK _k923.5,TER |
||
| 999 |
_c186963 _d186963 |
||